[Event "IND-ch U09 op 32nd"]
[Site "Ranchi"]
[Date "2018.09.23"]
[Round "11.7"]
[White "Sparsh, Bisht"]
[Black "Pranav, KP."]
[Result "1-0"]
[WhiteElo "1396"]
[BlackElo "1312"]
[PlyCount "201"]
[EventDate "2018.09.15"]
[EventType "swiss"]
[EventRounds "11"]
[EventCountry "IND"]
[SourceTitle "EXT 2024"]
[Source "ChessBase"]
[SourceDate "2023.10.10"]
[SourceVersion "1"]
[SourceVersionDate "2023.10.10"]
[SourceQuality "1"]

1. e4 e5 2. Nf3 Nc6 3. Bb5 a6 4. Ba4 Nf6 5. Qe2 b5 6. Bb3 Be7 7. c3 0-0 8. d3 d6 9. Nbd2 Na5 10. Bc2 c5 11. Nf1 Qc7 12. Ne3 Be6 13. 0-0 Rad8 14. d4 cxd4 15. cxd4 Rc8 16. d5 Bd7 17. Bd2 Nb7 18. b4 Qb8 19. Rfc1 Rc7 20. Bd3 Rxc1+ 21. Rxc1 Rc8 22. Qd1 Rc7 23. Rxc7 Qxc7 24. Qc2 Qxc2 25. Nxc2 Kf8 26. h3 h6 27. g4 g5 28. Nh2 Ne8 29. Nf1 f6 30. Ng3 Ng7 31. Ne3 Ke8 32. f3 Kd8 33. Kg2 Kc7 34. Ngf5 Nxf5 35. Nxf5 Bf8 36. h4 Nd8 37. hxg5 hxg5 38. Ng3 Nf7 39. Nh5 Be7 40. Bc2 Kc8 41. Be3 Kc7 42. Kf2 Kb7 43. Ke2 Kc7 44. Kd3 Kb7 45. Kc3 Kc7 46. Bd3 Kb7 47. Ng3 Kc7 48. Nf1 Nd8 49. Nd2 Nb7 50. Nb3 Be8 51. Na5 Bd7 52. Bc2 Bd8 53. Nb3 Be7 54. Nd2 Nd8 55. Kb2 Kb7 56. Nb1 Nf7 57. Nc3 Bd8 58. a4 Bb6 59. Bxb6 Kxb6 60. Ka3 Nd8 61. Ne2 Be8 62. Ng3 Kc7 63. Bd3 Kb6 64. axb5 axb5 65. Nf5 Nf7 66. Ng7 Bd7 67. Nh5 Bc8 68. Nxf6 Ba6 69. Nd7+ Kc7 70. Nf8 Kd8 71. Ne6+ Kd7 72. Ng7 Kd8 73. Ne6+ Kd7 74. Kb3 Kc8 75. Nc5 dxc5 76. bxc5 Kc7 77. Kb4 Kd7 78. Ka5 Bc8 79. Bxb5+ Kc7 80. Be8 Nd8 81. d6+ Kb7 82. d7 Nc6+ 83. Kb5 Nd4+ 84. Kc4 Bxd7 85. Bxd7 Nxf3 86. c6+ Kc7 87. Kd5 Nd2 88. Kxe5 Nf3+ 89. Kf5 Kd6 90. Be8 Kc7 91. e5 Kd8 92. Bd7 Ke7 93. e6 Nd4+ 94. Kxg5 Nb5 95. Kh6 Nc7 96. g5 Kf8 97. g6 Kg8 98. e7 Kh8 99. g7+ Kg8 100. e8Q+ Nxe8 101. Be6# 1-0

[Event "IND-ch U09 op 32nd"]
[Site "Ranchi"]
[Date "2018.09.22"]
[Round "10.6"]
[White "Abhyuday, Santhosh"]
[Black "Sparsh, Bisht"]
[Result "1/2-1/2"]
[WhiteElo "1393"]
[BlackElo "1396"]
[PlyCount "92"]
[EventDate "2018.09.15"]
[EventType "swiss"]
[EventRounds "11"]
[EventCountry "IND"]
[SourceTitle "EXT 2024"]
[Source "ChessBase"]
[SourceDate "2023.10.10"]
[SourceVersion "1"]
[SourceVersionDate "2023.10.10"]
[SourceQuality "1"]

1. e4 c5 2. Nf3 d6 3. Bb5+ Bd7 4. Bxd7+ Nxd7 5. 0-0 Ngf6 6. Qe2 e6 7. c3 Be7 8. d4 0-0 9. Rd1 cxd4 10. cxd4 Rc8 11. Nc3 Nb6 12. h3 a6 13. Bg5 d5 14. Bxf6 Bxf6 15. e5 Be7 16. Rac1 Bb4 17. Nb1 Qd7 18. Qd3 Rxc1 19. Rxc1 Rc8 20. Rf1 h6 21. Qb3 Ba5 22. Qd3 Qc6 23. a3 Nd7 24. Rd1 b5 25. b3 Nb6 26. Rf1 Nd7 27. Rd1 Qc2 28. Qxc2 Rxc2 29. Kf1 f6 30. b4 Bb6 31. exf6 gxf6 32. Re1 e5 33. Rd1 e4 34. Nh4 Nf8 35. Nf5 Kh7 36. Ne3 Rc6 37. Nxd5 Nd7 38. Nxb6 Nxb6 39. Nd2 f5 40. Ke2 Nd5 41. Ke1 Rc3 42. Nb1 Rc2 43. Rd2 Rc1+ 44. Rd1 Rc2 45. Rd2 Rc1+ 46. Rd1 Rc2 1/2-1/2